Blackboard Blitz: US Presidents Quiz Stats

 Plays Quiz Updated Jul 6, 2017

Support Sporcle.
Go Orange.
Score 0/13 Timer 01:00
0 Plays Today
% Correct
Ricky Martin
97.5%
Steven Spielberg
96.8%
Michael Jordan
96.5%
Louis Armstrong
95.9%
Margaret Thatcher
95.7%
Alexander Graham Bell
95.1%
Johnny Depp
93.6%
Winston Churchill
92.4%
J.R.R. Tolkien
92.3%
Orville Wright
91.8%
Frank Sinatra
91.1%
James Raynor
87.9%
Benjamin Franklin
75.6%

You're not logged in!

Compare scores with friends on all Sporcle quizzes.
OR
Log In
Forgot?

From the Vault

Colors of Joseph's Dreamcoat

by davey8201

Andrew Lloyd Webber is nothing if not colorful.
Remove Ads.
Support Sporcle.
Get the best of Sporcle when you Go Orange. This ad-free experience offers more features, more stats, and more fun while also helping to support Sporcle. Thank you for becoming a member.

Show Comments

Extras

Top Quizzes Today


Score Distribution

Your Account Isn't Verified!

In order to create a playlist on Sporcle, you need to verify the email address you used during registration. Go to your Sporcle Settings to finish the process.

Report this User

Report this user for behavior that violates our Community Guidelines.

Details: